Sanat "Ich komme" Erika Vikman - Statistics

Yleistilastot
  • Tätä visaa on pelattu 197 kertaa
  • Keskiarvotulos 176 / 239
Vastaustilastot
Hint Vastaus % Oikein
Intro | Kertosäe | Outro (Ich
97%
ich
97%
"Ich
97%
Ich
97%
komme)
97%
komme,
97%
komme"
97%
komme
97%
93%
93%
ku
92%
Erika,
91%
Erika
91%
Oo
91%
Säkeistö 1 On
88%
on
88%
oon
88%
ja
86%
Ja
86%
Ja,
86%
lovee
83%
Mun
83%
mun
83%
yö,
83%
lyö
81%
loveen
80%
Loveen
80%
se
80%
sydän
80%
lankeaa
79%
huutaa
78%
mulle
77%
Hän
76%
aukeaa
74%
ennen
74%
hauska
74%
portit
74%
kaa
73%
73%
tavata
73%
oot
71%
sun
71%
tulee,
69%
tuu
69%
lankee
68%
tervetuloa
67%
Kuu
66%
mut
66%
tääl
65%
ihana
64%
pakaraan
63%
me
62%
sillee
61%
Sus
61%
huuda:
60%
kii
60%
Käy
59%
nousee,
59%
ollaan
59%
kotona
58%
maa
58%
tullaan
58%
Tuun
58%
baby,
57%
Baby,
57%
baby
57%
Esikertosäe (Hei)
57%
Hei,
57%
kaartuu
57%
nakuna
57%
Iske
56%
vaik
56%
haluut
55%
staminaa
55%
tanssin
55%
häävalssin,
54%
tälläst
54%
Tälläst
54%
yhessä
54%
mukana
52%
trance-Jumala
50%
tuut
50%
anna
48%
uudestaan
48%
"Encore"
47%
taas
47%
voi
47%
kaiken
46%
vaa
46%
hyvän
45%
pääl
45%
ansaitset
44%
kajautan
44%
kovaa:
44%
siihen
43%
parkuu:
42%
Tähdet
41%
tapahtuu
41%
silmis,
40%
silmis
40%
mukaan
39%
Enkä
36%
go
36%
rakastuu
36%
Väliosa Let
35%
Tee
34%
(Wunderbar!)
34%
voit
32%
ittees
31%
ittes
31%
viel
31%
jälleen
24%
Et
22%
Ehtoja vastaavia visoja ei löytynyt
Tulosjakauma
Jokaisen tuloksen saaneiden osuus
Persentiili vastausten määrän mukaan
Tuloshistoriasi
Et ole pelannut tätä visaa